Materiály ke studiu kursu mikroekonomie I : (bakalářský kurs) /

Hlavní autor: Sirůček, Pavel, 1965-
Korporativní autor: Vysoká škola ekonomická v Praze. Katedra mikroekonomie
Další autoři: Nečadová, Marta
Jazyk: Čeština
Vydáno: Praha : Vysoká škola ekonomická, 1995
Vydání: Přeprac. vyd.
Témata:
Fyzický popis: 336 s. : il. ; 20 cm
Knihy
Uloženo v:
LEADER 01544nam a2200373 a 4500
001 000031918
003 CZ BrMZK
005 20231030125404.0
007 ta
008 950313s1995 xr a f 000 0 cze d
015 |a cnb000108318 
020 |a 80-7079-126-8 
035 |a (OCoLC)36612786 
040 |a BOA001  |b cze 
080 |a 330.101.542(075.8)  |2 MRF 
100 1 |a Sirůček, Pavel,  |d 1965-  |7 jo2002100494  |4 aut 
245 1 0 |a Materiály ke studiu kursu mikroekonomie I :  |b (bakalářský kurs) /  |c Pavel Sirůček, Marta Nečadová 
250 |a Přeprac. vyd. 
260 |a Praha :  |b Vysoká škola ekonomická,  |c 1995 
300 |a 336 s. :  |b il. ;  |c 20 cm 
504 |a Obsahuje bibliografii 
521 8 |a Určeno pro stud. všech fak. VŠE Praha 
653 0 |a mikroekonomie 
700 1 |a Nečadová, Marta  |7 mzk2003194932  |4 aut 
710 2 |a Vysoká škola ekonomická v Praze.  |b Katedra mikroekonomie  |7 ko2004231772 
910 |a BOA001  |b 2-1011.942  |b TK-0258.817 
920 |a 000067980 
964 |a Mikroekonomie  |x učebnice  |x školy vysoké 
990 |a BK 
991 |f 330.101.542 SIR 
996 6 |b 2610024928  |c 2-1011.942  |l MZK  |r Sklad / do 1 hodiny  |n 45  |p p.v.  |w 000031918  |u 000010  |a 1  |e BOA001  |j MZK50  |s P 
996 7 |b 2620003269  |c TK-0258.817  |l MZK  |r Sklad / do 24 hodin  |n 39  |p kup  |w 000031918  |u 000050  |a 1  |e BOA001  |j MZK50  |s A 
996 7 |b 2620003870  |c TK-0258.817  |l MZK  |r Sklad / do 24 hodin  |n 26  |p kup  |w 000031918  |u 000020  |a 1  |e BOA001  |j MZK50  |s A 
996 7 |b 2620003871  |c TK-0258.817  |l MZK  |r Sklad / do 24 hodin  |n 26  |p kup  |w 000031918  |u 000030  |a 1  |e BOA001  |j MZK50  |s A